[Event "Mexico City Latinoamericano op 1st"]
[Site "Mexico City"]
[Date "2021.11.07"]
[Round "6"]
[White "Jorajuria Mendoza, Algol"]
[Black "Martinez Castaneda, Allan"]
[Result "1-0"]
[WhiteElo "1820"]
[BlackElo "2025"]
[PlyCount "57"]
[EventDate "2021.11.04"]
[EventType "swiss"]
[EventRounds "9"]
[EventCountry "MEX"]
[SourceTitle "EXT 2023"]
[Source "ChessBase"]
[SourceDate "2022.10.05"]
[SourceVersion "1"]
[SourceVersionDate "2022.10.05"]
[SourceQuality "1"]

1. e4 c5 2. Nc3 g6 3. d4 cxd4 4. Qxd4 Nf6 5. Be3 Nc6 6. Qd2 Ng4 7. Bg5 Bg7 8. f3 f6 9. Bf4 e5 10. Bg3 Bh6 11. f4 Bg7 12. Be2 exf4 13. Bxf4 Nge5 14. Nf3 0-0 15. 0-0-0 Nf7 16. Bc4 a6 17. Bd6 Kh8 18. Bxf8 Qxf8 19. Kb1 Nfd8 20. h4 b5 21. Bd5 Nb7 22. h5 g5 23. h6 Bxh6 24. Rh5 Bg7 25. Rdh1 h6 26. Nxg5 Ne5 27. Nf3 Kh7 28. Nxe5 fxe5 29. Qg5 1-0

[Event "Chihuahua Bionext op"]
[Site "Chihuahua City"]
[Date "2019.11.29"]
[Round "3"]
[White "Martinez Castaneda, Allan"]
[Black "Miranda, Nunez Diego Marcel"]
[Result "1-0"]
[WhiteElo "2045"]
[BlackElo "1815"]
[PlyCount "45"]
[EventDate "2019.11.28"]
[EventType "swiss"]
[EventRounds "7"]
[EventCountry "MEX"]
[SourceTitle "CBM 193 Extra"]
[Source "ChessBase"]
[SourceDate "2020.01.31"]
[SourceVersion "1"]
[SourceVersionDate "2020.01.31"]
[SourceQuality "1"]

1. e4 Nf6 2. e5 Nd5 3. d4 d6 4. Nf3 Bf5 5. Bd3 Bxd3 6. Qxd3 c6 7. e6 fxe6 8. Ng5 Nf6 9. 0-0 Na6 10. Qb3 Qc8 11. Nxe6 Nc7 12. Ng5 d5 13. Re1 h6 14. Nf3 e6 15. Ne5 Bd6 16. Ng6 Rg8 17. Bf4 Bxf4 18. Nxf4 g5 19. Nd3 Kf7 20. Nd2 Rb8 21. Re2 Kg7 22. f4 gxf4 23. Nxf4 1-0